Dettagli MARC
| 000 -LEADER |
| fixed length control field |
03867njm a2200505Ia 4500 |
| 001 - CONTROL NUMBER |
| control field |
84839 |
| 003 - CONTROL NUMBER IDENTIFIER |
| control field |
IT-RoPAU |
| 005 - DATE AND TIME OF LATEST TRANSACTION |
| control field |
20220918181123.0 |
| 008 - FIXED-LENGTH DATA ELEMENTS--GENERAL INFORMATION |
| fixed length control field |
131025s9999 xx 000 0 und d |
| 040 ## - CATALOGING SOURCE |
| Original cataloging agency |
IT-RoPAU |
| 040 ## - CATALOGING SOURCE |
| Transcribing agency |
IT-RoPAU |
| 999 ## - SYSTEM CONTROL NUMBERS (KOHA) |
| Koha Dewey Subclass [OBSOLETE] |
n.d. |
| 100 ## - MAIN ENTRY--PERSONAL NAME |
| Personal name |
AA.VV. |
| 9 (RLIN) |
794 |
| 100 ## - MAIN ENTRY--PERSONAL NAME |
| Relator term |
Autore musica |
| 9 (RLIN) |
26433 |
| 100 ## - MAIN ENTRY--PERSONAL NAME |
| Miscellaneous information |
Codice autore musica SPICS: 12000 |
| 9 (RLIN) |
796 |
| 245 ## - TITLE STATEMENT |
| Title |
Gioielli di Count Basie (I) |
| 250 ## - EDITION STATEMENT |
| Edition statement |
2a ed. |
| 260 ## - PUBLICATION, DISTRIBUTION, ETC. (IMPRINT) |
| Place of publication, distribution, etc. |
MILANO |
| 260 ## - PUBLICATION, DISTRIBUTION, ETC. (IMPRINT) |
| Name of publisher, distributor, etc. |
RUSCONI |
| Date of publication, distribution, etc. |
1990 [1a Ed.:0] |
| 300 ## - PHYSICAL DESCRIPTION |
| Extent |
DISCO |
| 300 ## - PHYSICAL DESCRIPTION |
| Dimensions |
46 minuti (Testo: 0 pag.) |
| 500 ## - GENERAL NOTE |
| General note |
Musica jazz. Disco fuori commercio allegato al n. 1 1990 della rivista "Musica jazz" |
| 505 ## - FORMATTED CONTENTS NOTE |
| Formatted contents note |
Mortgage Stomp [(New York, 3 giugno 1938) (4:00)] - Dickie's Dream (3:00) - Lester Leaps In [(New York, 5 settembre 1939) (4:00)] - Rockin' Chair (2:00) - There'll Be Some Changes Made [(New York, 27 gennaio 1941) (2:00)] - Sugar Blues [(Los Angeles, 24 luglio 1942) (3:00)] - Six Cats and A Prince [(New York, 22 marzo 1944) (6:00)] - Oh, Lady Be Good (4:00) - The King Jamming On A V Disc [(New York, 5 aprile 1947) (5:00)] - Move (4:00) - Basie Boogie (3:00) - The Golden Bullet [(New York, 20 aprile 1951) (4:00)] - One O'Clock Jump [(New York, 2 novembre 1950) (3:00)] |
| 511 ## - PARTICIPANT OR PERFORMER NOTE |
| Participant or performer note |
Clayton Buck: tr; Young Lester: ten; Basie Count: p; Page Walter: cb; Jones Jo: batt; Count Basie Quintet |
| 511 ## - PARTICIPANT OR PERFORMER NOTE |
| Participant or performer note |
Clayton Buck: tr; Wells Dicky: trne; Young Lester: ten; Basie Count: p; Gree Freddie: chit; Page Walter: cb; Jones Jo: batt; Count Basie's Kansas City Seven |
| 511 ## - PARTICIPANT OR PERFORMER NOTE |
| Participant or performer note |
Basie Count: p; Green Freddie: chit; Page Walter: cb; Jones Jo: batt: Count Basie and His All American Rhythm |
| 511 ## - PARTICIPANT OR PERFORMER NOTE |
| Participant or performer note |
Clayton Buck: tr; Byas Don; ten; Basie Count: p; Green Freddie: chit; Page Walter: cb; Jones Jo: batt; Count Basie and His All American Rhythm Section |
| 511 ## - PARTICIPANT OR PERFORMER NOTE |
| Participant or performer note |
Clayton Buck: tr; Wells Dicky: trne; Young Lester: ten; Basie Count: p; Green Freddie: chit; Richardson Rodney: cb; Jones Jo: batt; Kansas City Seven |
| 511 ## - PARTICIPANT OR PERFORMER NOTE |
| Participant or performer note |
Eldridge Roy: tr; Jacquet Illinois: ten; Krauss Phil: vib; Basie Count: p; Caiola Al o Green Freddie: chit; Callender Red: cb; Rich Buddy: batt; New York Stars |
| 511 ## - PARTICIPANT OR PERFORMER NOTE |
| Participant or performer note |
Terry Clark: tr; Royal Marshall: cl; Gray Wardell: ten; Basie Count: p; Green Freddie: chit; Lewis Jimmy: cb; Johnson Gus: batt; Count Basie and His Orchestra |
| 511 ## - PARTICIPANT OR PERFORMER NOTE |
| Participant or performer note |
Terry Clark: tr; De Franco Buddy: cl; Gray Wardell: ten; Rutherford Rudy: bar; Basie Count: p; Green Freddie: chit; Lewis Jimmy: cb; Johnson Gus: batt; Count Basie Octet |
| 650 ## - SUBJECT ADDED ENTRY--TOPICAL TERM |
| Topical term or geographic name as entry element |
JAZZ [DISCHI] |
| Relator term |
Codice MATERIA SPICS: 9950 |
| 9 (RLIN) |
26434 |
| 700 ## - ADDED ENTRY--PERSONAL NAME |
| Personal name |
Basie Count |
| Miscellaneous information |
Codice interprete SPICS: 10545 |
| Relator term |
Interprete |
| 9 (RLIN) |
26435 |
| 700 ## - ADDED ENTRY--PERSONAL NAME |
| Personal name |
Basie Count |
| Miscellaneous information |
Codice autore musica SPICS: 10545 |
| Relator term |
Autore musica |
| Name of part/section of a work |
Mortgage Stomp - Dickie's Dream - Lester Leaps In - The King Jamming On A V Disc - Basie Boogie - The Golden Bullet - One O'Clock Jump |
| 9 (RLIN) |
26436 |
| 700 ## - ADDED ENTRY--PERSONAL NAME |
| Personal name |
Young Lester |
| Miscellaneous information |
Codice autore musica SPICS: 13036 |
| Relator term |
Autore musica |
| Name of part/section of a work |
Dickie's Dream - Lester Leaps In |
| 9 (RLIN) |
26437 |
| 700 ## - ADDED ENTRY--PERSONAL NAME |
| Personal name |
Carmichael Hoagy |
| Miscellaneous information |
Codice autore musica SPICS: 10736 |
| Relator term |
Autore musica |
| Name of part/section of a work |
Rockin' Chair |
| 9 (RLIN) |
26438 |
| 700 ## - ADDED ENTRY--PERSONAL NAME |
| Personal name |
Higgins |
| Miscellaneous information |
Codice autore musica SPICS: 29869 |
| Relator term |
Autore musica |
| Name of part/section of a work |
There'll Be Some Changes Made |
| 9 (RLIN) |
26439 |
| 700 ## - ADDED ENTRY--PERSONAL NAME |
| Personal name |
Overstreet |
| Miscellaneous information |
Codice autore SPICS: 20154 |
| Relator term |
Autore |
| Name of part/section of a work |
There'll Be Some Changes Made |
| 9 (RLIN) |
26440 |
| 700 ## - ADDED ENTRY--PERSONAL NAME |
| Personal name |
Williams Clarence |
| Miscellaneous information |
Codice autore musica SPICS: 13039 |
| Relator term |
Autore musica |
| Name of part/section of a work |
Sugar Blues |
| 9 (RLIN) |
26441 |
| 700 ## - ADDED ENTRY--PERSONAL NAME |
| Personal name |
Fletcher Guy |
| Miscellaneous information |
Codice autore SPICS: 18932 |
| Relator term |
Autore |
| Name of part/section of a work |
Sugar Blues |
| 9 (RLIN) |
26442 |
| 700 ## - ADDED ENTRY--PERSONAL NAME |
| Personal name |
Clayton Buck |
| Miscellaneous information |
Codice autore musica SPICS: 29870 |
| Relator term |
Autore musica |
| Name of part/section of a work |
Six Cats and A Prince |
| 9 (RLIN) |
26443 |
| 700 ## - ADDED ENTRY--PERSONAL NAME |
| Personal name |
Gershwin George |
| Miscellaneous information |
Codice autore musica SPICS: 10668 |
| Relator term |
Autore musica |
| Name of part/section of a work |
Oh, Lady Be Good |
| 9 (RLIN) |
26444 |
| 700 ## - ADDED ENTRY--PERSONAL NAME |
| Personal name |
Best Denzil |
| Miscellaneous information |
Codice autore musica SPICS: 24586 |
| Relator term |
Autore musica |
| Name of part/section of a work |
Move |
| 9 (RLIN) |
26445 |
| 942 ## - ADDED ENTRY ELEMENTS (KOHA) |
| Koha item type |
DISCHI |
| Source of classification or shelving scheme |
Dewey Decimal Classification |